000 00454nam a2200169Ia 4500
008 090124s9999 xx 000 0 und d
082 _b111102
100 _aबांगरे बलराम्
245 _a अपंगा
250 _a1
260 _c1965
600 _aबांगरे बलराम्
630 _a अपंगा
700 _aबांगरे बलराम्
730 _a अपंगा
942 _cBOOK
999 _c157193
_d157193